| 000 | 01055cam a22003617a 4500 | ||
|---|---|---|---|
| 003 | CHAP | ||
| 005 | 20220817044438.0 | ||
| 008 | 110517s2007 it a r 00010 eng d | ||
| 010 | _a101206 | ||
| 011 | _a102178 | ||
| 020 | _a9789251057292 | ||
| 035 | _a112866 | ||
| 040 | _cCHAP | ||
| 082 | 0 | 0 |
_a641.3 _bF211y |
| 110 | 2 | _aFAO | |
| 245 | 1 | 0 |
_aFAO biosecurity toolkit _c/por FAO |
| 260 |
_aRome : _bFAO, _c2007 |
||
| 300 | _axiii, 128 p. | ||
| 590 |
_aBATCH-UPD _b10 _c20130110 _lUCH01 _h0845 |
||
| 590 |
_aBATCH-UPD _b10 _c20130410 _lUCH01 _h0519 |
||
| 590 |
_aBATCH-UPD _b10 _c20130914 _lUCH01 _h0639 |
||
| 590 |
_aCONVERSION _b10 _c20130109 _lUCH01 _h1356 |
||
| 650 | 1 | 4 |
_aBioseguridad. _912867 |
| 650 | 1 | 4 |
_aInocuidad alimentaria. _958836 |
| 650 | 1 | 4 |
_aPolítica ambiental. _990422 |
| 650 | 1 | 4 |
_aPolítica y gobierno. _990717 |
| 650 | 1 | 4 |
_aRiesgos. _997403 |
| 650 | 1 | 4 |
_aSalud. _9101807 |
| 650 | 1 | 4 |
_aToxicología. _9114454 |
| 901 | _aBK | ||
| 942 | _cLIBRO | ||
| 949 |
_a641.3 F211y _bBC _cFAO _d33724002255322 _eFAO1 _gDonaciØn _h114850 _i112866 _sb |
||
| 999 |
_c101206 _d101206 |
||